Справочник по общей и неорганической химии: учебное пособие
| প্রধান লেখক: | |
|---|---|
| সংস্থা লেখক: | |
| সংক্ষিপ্ত: | Заглавие с титульного экрана Электронная версия печатной публикации В пособии представлен справочный материал по пяти разделам общей химии: химические элементы и простые вещества; классификация и номенклатура неорганических соединений; атомы, молекулы и кристаллы; термодинамические и кинетические константы; растворы и электрохимические процессы. Общее число таблиц в справочнике - 50. Предназначено для студентов химических и общетехнических направлений и специальностей, изучающих химию, а также для студентов старших курсов, изучающих физическую химию. Режим доступа: из корпоративной сети ТПУ |
| ভাষা: | রুশ |
| প্রকাশিত: |
Томск, Изд-во ТПУ, 2012
|
| বিষয়গুলি: | |
| অনলাইন ব্যবহার করুন: | http://www.lib.tpu.ru/fulltext2/m/2012/m250.pdf |
| বিন্যাস: | বৈদ্যুতিক গ্রন্থ |
| KOHA link: | https://koha.lib.tpu.ru/cgi-bin/koha/opac-detail.pl?biblionumber=215826 |
MARC
| LEADER | 00000nlm0a2200000 4500 | ||
|---|---|---|---|
| 001 | 215826 | ||
| 005 | 20260105130121.0 | ||
| 035 | |a (RuTPU)RU\TPU\book\235773 | ||
| 090 | |a 215826 | ||
| 100 | |a 20120517d2012 m y0rusy50 ca | ||
| 101 | 0 | |a rus | |
| 102 | |a RU | ||
| 105 | |a a j 001zy | ||
| 135 | |a drcn ---uucaa | ||
| 181 | 0 | |a i | |
| 182 | 0 | |a b | |
| 200 | 1 | |a Справочник по общей и неорганической химии |e учебное пособие |f Н. Ф. Стась |g Национальный исследовательский Томский политехнический университет (ТПУ), Институт физики высоких технологий (ИФВТ), Кафедра общей и неорганической химии (ОНХ) | |
| 203 | |a Текст |c электронный | ||
| 210 | |a Томск |c Изд-во ТПУ |d 2012 | ||
| 300 | |a Заглавие с титульного экрана | ||
| 300 | |a Электронная версия печатной публикации | ||
| 330 | |a В пособии представлен справочный материал по пяти разделам общей химии: химические элементы и простые вещества; классификация и номенклатура неорганических соединений; атомы, молекулы и кристаллы; термодинамические и кинетические константы; растворы и электрохимические процессы. Общее число таблиц в справочнике - 50. Предназначено для студентов химических и общетехнических направлений и специальностей, изучающих химию, а также для студентов старших курсов, изучающих физическую химию. | ||
| 333 | |a Режим доступа: из корпоративной сети ТПУ | ||
| 337 | |a Adobe Reader | ||
| 452 | 1 | |0 (RuTPU)RU\TPU\book\220925 |t Справочник по общей и неорганической химии |f Н. Ф. Стась |g Национальный исследовательский Томский политехнический университет (ТПУ) |c Томск |n Изд-во ТПУ |d 2011 |p 84 с. |a Стась, Николай Фёдорович | |
| 606 | 1 | |a Химия общая |2 stltpush |3 (RuTPU)RU\TPU\subj\67862 |9 83510 | |
| 606 | 1 | |a Неорганическая химия |2 stltpush |3 (RuTPU)RU\TPU\subj\67586 |9 83311 | |
| 610 | 1 | |a электронный ресурс | |
| 610 | 1 | |a труды учёных ТПУ | |
| 610 | 1 | |a учебные пособия | |
| 610 | 1 | |a химические элементы | |
| 610 | 1 | |a простые вещества | |
| 610 | 1 | |a неорганические соединения | |
| 610 | 1 | |a классификация | |
| 610 | 1 | |a классификации | |
| 610 | 1 | |a номенклатура | |
| 610 | 1 | |a атомы | |
| 610 | 1 | |a молекулы | |
| 610 | 1 | |a кристаллы | |
| 610 | 1 | |a термодинамические константы | |
| 610 | 1 | |a кинетические константы | |
| 610 | 1 | |a растворы | |
| 610 | 1 | |a справочники | |
| 675 | |a 54(035) |v 3 | ||
| 675 | |a 546(035) |v 3 | ||
| 700 | 1 | |a Стась |b Н. Ф. |c химик |c доцент Томского политехнического университета, кандидат химических наук |f 1939- |g Николай Фёдорович |3 (RuTPU)RU\TPU\pers\25192 | |
| 712 | 0 | 2 | |a Национальный исследовательский Томский политехнический университет (ТПУ) |b Институт физики высоких технологий (ИФВТ) |b Кафедра общей и неорганической химии (ОНХ) |3 (RuTPU)RU\TPU\col\18686 |
| 801 | 1 | |a RU |b 63413507 |c 20120517 | |
| 801 | 2 | |a RU |b 63413507 |c 20140110 |g RCR | |
| 856 | 4 | |u http://www.lib.tpu.ru/fulltext2/m/2012/m250.pdf | |
| 942 | |c CF | ||